00847nab a2200217 i 4500001001000000003001000010005001700020008004100037040003000078041000800108245004600116520017100162546002300333650002200356650002600378650002000404773013100424942000800555945004900563999001700612768714001CO-MdFUSB20240815102339.0240815t1925 cr ||||| |||| 00| 0 eng d bspacCO-MdFUSBdCO-MdFUSB aeng aPointing a danger and suggesting a remedy aEste artículo muestra el mal del modernismo y el fanatismo que amenaza al cristianismo. Por otra parte indica que la predicación es la solución a este peligro. aTexto en inglés. 0aPredicación954 0aEvangelización9362 7aMisioneros99310 070761982969oR2742tLatin America Missionw(CO-MdFUSB)768714001gVolumen 4, (número 5, 1925), páginas: 3 - 5qpágina: 3 cANA aCatherine Arias Álvarez - Practicante SENA c70860d70860